Magic: The Gathering (MTG) Modern Ban List Hard Mode - Statistics

General Stats
  • This quiz has been taken 72 times
    58 since last reset
  • The average score is 34 of 52
Answer Stats
Year Banned Answer % Correct
2019 Hogaak, Arisen Necropolis
94%
2020 Oko, Thief of Crowns
94%
2016 Eye of Ugin
81%
2011 Great Furnace
81%
2022 Lurrus of the Dream-Den
81%
2011 Seat of the Synod
81%
2011 Tree of Tales
81%
2020 Arcum's Astrolabe
75%
2019 Bridge from Below
75%
2023 Fury
75%
2024 Grief
75%
2024 Nadu, Winged Wisdom
75%
2016 Splinter Twin
75%
2021 Uro, Titan of Nature's Wrath
75%
2011 Vault of Whispers
75%
2022 Yorion, Sky Nomad
75%
2011 Ancient Den
69%
2011 Dark Depths
69%
2011/2017 Golgari Grave-Troll
69%
2019 Krark-Clan Ironworks
69%
2011 Mental Misstep
69%
2020 Mox Opal
69%
2020 Once Upon a Time
69%
2011 Ponder
69%
2011 Rite of Flame
69%
2013 Seething Song
69%
2011 Sensei's Divining Top
69%
2016 Summer Bloom
69%
2011 Umezawa's Jitte
69%
2024 Violent Outburst
69%
2011 Blazing Shoal
63%
2011 Chrome Mox
63%
2019 Faithless Looting
63%
2017 Gitaxian Probe
63%
2021 Tibalt's Trickery
63%
2023 Up the Beanstalk
63%
2015 Birthing Pod
56%
2011 Cloudpost
56%
2011 Dread Return
56%
2021 Field of the Dead
56%
2011 Green Sun's Zenith
56%
2011 Hypergenesis
56%
2020 Mycosynth Lattice
56%
2011 Punishing Fire
56%
2014 Deathrite Shaman
50%
2015 Dig Through Time
50%
2011 Glimpse of Nature
50%
2013 Second Sunrise
50%
2021 Simian Spirit Guide
50%
2015 Treasure Cruise
50%
2011 Skullclamp
44%
2021 Mystic Sanctuary
38%
No matching quizzes found
Score Distribution
Percent of People with Each Score
Percentile by Number Answered
Your Score History
You have not taken this quiz since the last reset